[Event "Mecklenburg VP LL2 Ost 1718"]
[Site "Mecklenburg VP"]
[Date "2018.04.08"]
[Round "8.8"]
[White "Schulz, Ronald"]
[Black "Mueller, Wilfried"]
[Result "1-0"]
[WhiteElo "1580"]
[BlackElo "1369"]
[PlyCount "37"]
[EventDate "2017.10.08"]
[EventType "team-tourn"]
[EventRounds "9"]
[EventCountry "GER"]
[SourceTitle "EXT 2022"]
[Source "ChessBase"]
[SourceDate "2021.10.06"]
[SourceVersion "1"]
[SourceVersionDate "2021.10.06"]
[SourceQuality "1"]
[WhiteTeam "Neubrandenburg SG Eintracht II"]
[BlackTeam "Binz Therme Ruegen"]
[WhiteTeamCountry "GER"]
[BlackTeamCountry "GER"]

1. e4 e5 2. Nc3 Nf6 3. f4 d6 4. Nf3 Bg4 5. h3 Bxf3 6. Qxf3 Nc6 7. Bb5 a6 8. Bxc6+ bxc6 9. d3 Be7 10. fxe5 dxe5 11. Be3 Bb4 12. 0-0 h6 13. Ne2 Qe7 14. Ng3 Nd7 15. Nf5 Qf8 16. Qg3 Rh7 17. Nh4 Qe7 18. Rf3 f6 19. Qg6+ 1-0

[Event "Werden op"]
[Site "Essen"]
[Date "2005.05.27"]
[Round "2"]
[White "Mueller, Wilfried"]
[Black "Von Noorden, Harko"]
[Result "1-0"]
[WhiteElo "1494"]
[BlackElo "1434"]
[PlyCount "68"]
[EventDate "2005.05.20"]
[EventType "swiss"]
[EventRounds "7"]
[EventCountry "GER"]
[SourceTitle "EXT 2007"]
[Source "ChessBase"]
[SourceDate "2006.11.23"]
[SourceVersion "1"]
[SourceVersionDate "2006.11.23"]
[SourceQuality "1"]

1. e4 c5 2. f4 Nc6 3. Nf3 d6 4. Bc4 e6 5. 0-0 Be7 6. Nc3 a6 7. a3 Bf6 8. Qe1 Nge7 9. e5 dxe5 10. fxe5 Nxe5 11. Nxe5 Qd4+ 12. Kh1 Qxe5 13. Ne4 Nf5 14. Nxf6+ gxf6 15. Qd1 b5 16. Be2 Bb7 17. Bf3 Bxf3 18. Qxf3 Kd7 19. d3 Qd6 20. c3 Rhg8 21. g4 Nh4 22. Qe4 f5 23. gxf5 Nxf5 24. Bf4 Qc6 25. Rad1 Rac8 26. Rf3 Ke7 27. Rh3 Rg7 28. Rh5 Kf8 29. Be5 Rg6 30. Rxh7 Ke7 31. Rf1 Rg4 32. Qxc6 Rxc6 33. h4 Rxh4+ 34. Rxh4 Nxh4 1-0